[Event "Eliteserien 2018 19"]
[Site "Oslo og Tromsø"]
[Date "2018.11.02"]
[Round "4"]
[White "Bosiocic, Marin"]
[Black "Getz, Nicolai"]
[Result "1-0"]
[WhiteElo "2615"]
[BlackElo "2392"]
[PlyCount "85"]
[EventDate "2018.??.??"]

1. d4 Nf6 2. c4 g6 3. Nc3 Bg7 4. e4 d6 5. h3 O-O 6. Be3 e5 7. d5 Na6 8. Bd3 Nd7
9. a3 Nac5 10. Bc2 f5 11. b4 Nxe4 12. Nxe4 fxe4 13. Ne2 Nf6 14. g4 c6 15. Ng3
cxd5 16. cxd5 Bd7 17. g5 Ne8 18. Bxe4 Nc7 19. a4 Rf4 20. h4 Na6 21. Rb1 Qe8 22.
b5 Nc5 23. Bxc5 dxc5 24. d6 Rd8 25. h5 Be6 26. hxg6 hxg6 27. Rb2 Rd7 28. Rc2 c4
29. f3 Bf7 30. Ne2 Rxe4 31. fxe4 Qd8 32. Qc1 Qa5+ 33. Rd2 Qxa4 34. Qb2 Qa5 35.
Nc3 Bf8 36. Nd5 Bg7 37. Ne7+ Kf8 38. O-O Qb6+ 39. Rdf2 Rxe7 40. dxe7+ Kxe7 41.
Kh1 Be6 42. Qa3+ Kd8 43. Rd2+
1-0

[Event "Eliteserien 2018 19"]
[Site "Oslo og Tromsø"]
[Date "2018.11.02"]
[Round "4"]
[White "Holm, Kristian Stuvik"]
[Black "Øgaard, Leif"]
[Result "1/2-1/2"]
[WhiteElo "2468"]
[BlackElo "2382"]
[PlyCount "71"]
[EventDate "2018.??.??"]

1. d4 d5 2. c4 e6 3. Nf3 c5 4. cxd5 exd5 5. Nc3 Nc6 6. g3 Nf6 7. Bg2 Be7 8. O-O
O-O 9. dxc5 Bxc5 10. a3 Ne4 11. Na4 Be7 12. Be3 Bf6 13. Rc1 Re8 14. Nd4 Bxd4
15. Bxd4 Bf5 16. b4 Qd7 17. Ba1 Rad8 18. e3 Bh3 19. Nc5 Nxc5 20. Rxc5 Bxg2 21.
Kxg2 b6 22. Rc2 d4 23. exd4 Nxd4 24. Bxd4 Qxd4 25. Qxd4 Rxd4 26. Rc7 a5 27. b5
Rd5 28. a4 g6 29. Rb7 Re4 30. Rxb6 Rxa4 31. Rb8+ Kg7 32. b6 Rb4 33. b7 Rdb5 34.
Ra1 Rxb7 35. Rxb7 Rxb7 36. Rxa5
1/2-1/2

[Event "Eliteserien 2018 19"]
[Site "Oslo og Tromsø"]
[Date "2018.11.02"]
[Round "4"]
[White "Urkedal, Frode Olav Olsen"]
[Black "Notkevich, Benjamin Arvola"]
[Result "0-1"]
[WhiteElo "2512"]
[BlackElo "2495"]
[PlyCount "78"]
[EventDate "2018.??.??"]

1. d4 Nf6 2. c4 e6 3. Nf3 d5 4. Nc3 Bb4 5. cxd5 exd5 6. Bg5 h6 7. Bh4 O-O 8. e3
Bf5 9. Be2 Nbd7 10. O-O g5 11. Bg3 c5 12. Nb5 c4 13. a3 Be7 14. Bc7 Qc8 15. Bd6
Qd8 16. b3 a6 17. Bc7 Qc8 18. Nd6 Bxd6 19. Bxd6 Re8 20. bxc4 dxc4 21. Rc1 b5
22. Ne5 Ne4 23. Nxd7 Qxd7 24. Bb4 Nf6 25. Qd2 Nd5 26. Bc5 g4 27. Rfe1 h5 28.
Bd1 Nf6 29. f3 gxf3 30. gxf3 Kh8 31. e4 Rg8+ 32. Kf2 Rg6 33. Qf4 Rag8 34. Be2
Bxe4 35. fxe4 Rg2+ 36. Ke3 Qh3+ 37. Qf3 Nd5+ 38. exd5 Re8+ 39. Kf4 Qh4+
0-1

[Event "Eliteserien 2018 19"]
[Site "Oslo og Tromsø"]
[Date "2018.11.02"]
[Round "4"]
[White "Vestby-Ellingsen, Mads"]
[Black "Hansen, Torbjørn Ringdal"]
[Result "1/2-1/2"]
[WhiteElo "2358"]
[BlackElo "2419"]
[PlyCount "148"]
[EventDate "2018.??.??"]

1. e4 e5 2. Nf3 Nc6 3. Bb5 a6 4. Ba4 Nf6 5. O-O Bc5 6. d3 b5 7. Bb3 d6 8. c3 h6
9. h3 O-O 10. Re1 Be6 11. Nbd2 Bb6 12. Nf1 Ne7 13. Bxe6 fxe6 14. d4 exd4 15.
cxd4 Qd7 16. Ng3 c5 17. Be3 c4 18. e5 Nfd5 19. exd6 Nxe3 20. fxe3 Qxd6 21. Ne5
Bc7 22. Qg4 Qd5 23. Nf3 Rf6 24. e4 Qd7 25. e5 Rf7 26. Rad1 Nd5 27. Ne4 Ba5 28.
Nc5 Qe7 29. Re4 c3 30. Nxe6 cxb2 31. Rb1 Bc3 32. Qg6 Qd7 33. Neg5 Qf5 34. Qxf7+
Qxf7 35. Nxf7 Kxf7 36. Re2 Ke6 37. Rexb2 Bxb2 38. Rxb2 Rc8 39. Nd2 Ne3 40. Nb3
Kd5 41. Re2 Nf5 42. e6 Kd6 43. g4 Ne7 44. Nc5 Nc6 45. e7 Re8 46. Nxa6 Nxd4 47.
Re4 Nc6 48. a4 bxa4 49. Rxa4 Rxe7 50. Ra1 Re2 51. Rd1+ Ke5 52. Nc5 Kf4 53. Nb3
Ne5 54. Nd4 Ra2 55. Re1 Rd2 56. Ne2+ Kg5 57. Nd4 Kf4 58. Ne2+ Kf3 59. Nc3 Ng6
60. Rf1+ Ke3 61. Re1+ Kd3 62. Nd1 Nh4 63. Nf2+ Kd4 64. Re8 Ra2 65. Re4+ Kd5 66.
Re7 g5 67. Re8 Rc2 68. Re7 Kd6 69. Re8 Ra2 70. Re4 Ra3 71. Re8 Kd7 72. Re4 Ra1+
73. Kh2 Rf1 74. Re2 Ra1
1/2-1/2

[Event "Eliteserien 2018 19"]
[Site "Oslo og Tromsø"]
[Date "2018.11.02"]
[Round "4"]
[White "Ranaldi, Lucas"]
[Black "Lund, Gunnar"]
[Result "0-1"]
[WhiteElo "2230"]
[BlackElo "2228"]
[PlyCount "80"]
[EventDate "2018.??.??"]

1. c4 Nf6 2. Nc3 d6 3. g3 g6 4. Bg2 Bg7 5. Nf3 O-O 6. O-O Nc6 7. d4 e5 8. d5
Ne7 9. e4 Nd7 10. Ne1 f5 11. Nd3 b6 12. f3 a5 13. Be3 Ba6 14. b3 Nc5 15. a3 a4
16. Nxc5 bxc5 17. Nxa4 f4 18. Bf2 Qd7 19. Qc2 h5 20. b4 Bc8 21. Nc3 cxb4 22.
axb4 Rxa1 23. Rxa1 g5 24. Ra7 g4 25. fxg4 Qxg4 26. Rxc7 Ng6 27. Qe2 Qg5 28. h4
Qd8 29. Bb6 Qf6 30. Rxc8 Rxc8 31. Bh3 Ra8 32. Be6+ Kf8 33. Bc7 Ra1+ 34. Nd1
fxg3 35. Bxd6+ Ke8 36. Bc5 Nf4 37. Qf3 Qxh4 38. Be3 Qh2+ 39. Kf1 g2+ 40. Ke1
Nd3+
0-1

[Event "Eliteserien 2018 19"]
[Site "Oslo og Tromsø"]
[Date "2018.11.02"]
[Round "4"]
[White "Røyset, Pål"]
[Black "Storme, Isak"]
[Result "0-1"]
[WhiteElo "2165"]
[BlackElo "2271"]
[PlyCount "66"]
[EventDate "2018.??.??"]

1. e4 c5 2. c3 Nf6 3. e5 Nd5 4. Nf3 Nc6 5. d4 cxd4 6. cxd4 d6 7. Bc4 Nb6 8. Bb3
dxe5 9. d5 Na5 10. Nc3 Bg4 11. Qd3 Nxb3 12. axb3 f6 13. Be3 g6 14. Nh4 Kf7 15.
O-O Bg7 16. f4 exf4 17. Rxf4 Bd7 18. Nf3 Rf8 19. Ng5+ Kg8 20. Nxh7 Kxh7 21.
Rh4+ Kg8 22. Qxg6 Qe8 23. Qh7+ Kf7 24. Ne4 Nxd5 25. Qh5+ Kg8 26. Qxd5+ e6 27.
Qxb7 Rb8 28. Qxa7 Bc6 29. Rg4 Rb7 30. Nd6 Qh5 31. Rxg7+ Rxg7 32. Qxg7+ Kxg7 33.
Ra7+ Kg8
0-1

[Event "Eliteserien 2018 19"]
[Site "Oslo og Tromsø"]
[Date "2018.11.02"]
[Round "4"]
[White "Vitenberg, Noam Aviv"]
[Black "Machlik, Edit"]
[Result "1-0"]
[WhiteElo "2139"]
[BlackElo "2112"]
[PlyCount "109"]
[EventDate "2018.??.??"]

1. Nf3 Nf6 2. c4 e6 3. Nc3 Bb4 4. g4 O-O 5. g5 Ne8 6. h4 d5 7. Qb3 Bxc3 8. dxc3
dxc4 9. Qxc4 Qd5 10. Qxd5 exd5 11. Bf4 Be6 12. Bg2 Nc6 13. O-O-O Rd8 14. Nd4
Nxd4 15. Rxd4 Nd6 16. Rhd1 c5 17. R4d3 d4 18. cxd4 cxd4 19. Rxd4 Rc8+ 20. Kb1
Nf5 21. Ra4 b5 22. Rxa7 Nxh4 23. Bd5 Rfd8 24. e4 Ng6 25. Bc7 Re8 26. Ba5 Nf4
27. Bxe6 Nxe6 28. Rdd7 Ra8 29. Rxf7 Rxa7 30. Rxa7 Nxg5 31. Bc3 Nxe4 32. Rxg7+
Kh8 33. Rg5+ Nxc3+ 34. bxc3 Rb8 35. Kc2 h6 36. Rd5 Kg7 37. Kd3 Kg6 38. f4 b4
39. c4 b3 40. axb3 Rxb3+ 41. Ke4 Rc3 42. c5 h5 43. Rd6+ Kf7 44. Kd5 h4 45. Rh6
h3 46. Kd6 Rd3+ 47. Kc7 Ke7 48. f5 Rf3 49. f6+ Rxf6 50. Rxh3 Re6 51. c6 Re1 52.
Kc8 Rc1 53. c7 Kd6 54. Kd8 Rg1 55. Rh6+
1-0

[Event "Eliteserien 2018 19"]
[Site "Oslo og Tromsø"]
[Date "2018.11.02"]
[Round "4"]
[White "Machlik, Endre"]
[Black "Lindbøl, Aleksander"]
[Result "1-0"]
[WhiteElo "2186"]
[BlackElo "2204"]
[PlyCount "153"]
[EventDate "2018.??.??"]

1. d4 Nf6 2. c4 e6 3. Nc3 Bb4 4. Qc2 O-O 5. a3 Bxc3+ 6. Qxc3 d5 7. Bg5 dxc4 8.
Qxc4 b6 9. Nf3 Ba6 10. Qa4 c5 11. dxc5 bxc5 12. Rc1 Qb6 13. Rc2 Bb5 14. Qh4
Nbd7 15. e3 Bxf1 16. Rxf1 Qa5+ 17. Nd2 Rfd8 18. Ke2 h6 19. Bxf6 Nxf6 20. Nc4
Qa4 21. Rfc1 Rd5 22. f3 Rad8 23. Qe1 e5 24. Qa5 Qd7 25. Rd2 e4 26. Rxd5 exf3+
27. gxf3 Qxd5 28. Ne5 Rb8 29. Nd3 Qh5 30. Qc7 Re8 31. Rxc5 Qh4 32. Qf4 Qh3 33.
Nf2 Qe6 34. Qd4 Qb6 35. Re5 Qa6+ 36. Nd3 Rb8 37. Re7 Qc6 38. Qc3 Qxc3 39. bxc3
Rb3 40. Rxa7 Rxc3 41. Kd2 Rc8 42. a4 Nd5 43. e4 Nc3 44. a5 Nb5 45. Ra6 Nd4 46.
Ke3 Nc2+ 47. Kf4 Rc3 48. Rd6 Ra3 49. a6 g5+ 50. Kg3 Kg7 51. Ne5 Nb4 52. Rb6
Nxa6 53. Rb7 Ra5 54. Rxf7+ Kg8 55. Rf5 Nc7 56. Ng4 Ra6 57. Rc5 Ne6 58. Rd5 Nf4
59. Rd2 Kg7 60. Ne3 Kg6 61. Nf5 Ne6 62. Rd7 h5 63. Ne7+ Kh6 64. Nd5 Nf8 65. Rf7
Ng6 66. Rf5 Ra2 67. Rf6 Kg7 68. Rb6 Ne5 69. h4 gxh4+ 70. Kxh4 Nxf3+ 71. Kxh5
Rg2 72. Rb7+ Kf8 73. Nf4 Rg5+ 74. Kh6 Rg4 75. Ng6+ Ke8 76. Rb3 Ng5 77. Rb8+
1-0

[Event "Eliteserien 2018 19"]
[Site "Oslo og Tromsø"]
[Date "2018.11.02"]
[Round "4"]
[White "Rygg, Andreas Gangstad"]
[Black "Frisvold, Ole Emil"]
[Result "0-1"]
[WhiteElo "1869"]
[BlackElo "2131"]
[PlyCount "138"]
[EventDate "2018.??.??"]

1. e4 c5 2. Be2 Nc6 3. f4 g6 4. Nf3 Bg7 5. c3 d5 6. d3 e6 7. O-O Nge7 8. Na3
O-O 9. Kh1 f6 10. Qe1 b6 11. Nc2 Qd7 12. Qh4 Ba6 13. Re1 Rae8 14. Be3 Nd8 15.
a4 dxe4 16. dxe4 Bxe2 17. Rxe2 Qd3 18. Rae1 Qxe4 19. Bxc5 Qxa4 20. Bxe7 Rxe7
21. Ncd4 Rfe8 22. Qg4 e5 23. fxe5 fxe5 24. Re4 Qd7 25. Qxd7 Rxd7 26. Kg1 Rde7
27. Kf2 Nf7 28. Nc6 Rc7 29. Nb4 Nd6 30. R4e2 Rf7 31. Kg1 e4 32. Ng5 Rfe7 33.
Nc6 Rc7 34. Nb4 a5 35. Nc2 Rce7 36. Ne3 Bh6 37. Nh3 Bxe3+ 38. Rxe3 Nc4 39. R3e2
Re5 40. Nf2 e3 41. Nd3 Rd5 42. Nc1 Rd2 43. b3 Nb2 44. Kf1 Nd3 45. Nxd3 Rxd3 46.
Rc2 Rc8 47. Rec1 Rd2 48. Ke1 Rf8 49. Rxd2 exd2+ 50. Kxd2 Rf2+ 51. Kd3 Rxg2 52.
Kc4 Rxh2 53. Kb5 Rb2 54. Kxb6 Rxb3+ 55. Kxa5 Kf8 56. Ka4 Rb7 57. Re1 g5 58. c4
Kf7 59. c5 h5 60. c6 Rb8 61. Ka5 h4 62. c7 Rc8 63. Kb6 Kf6 64. Kb7 Rh8 65. c8=Q
Rxc8 66. Kxc8 g4 67. Kd7 g3 68. Re8 g2 69. Rf8+ Kg7
0-1

[Event "Eliteserien 2018 19"]
[Site "Oslo og Tromsø"]
[Date "2018.11.02"]
[Round "4"]
[White "Altarbosh, Ward"]
[Black "Lie, Kjetil A."]
[Result "0-1"]
[WhiteElo "2281"]
[BlackElo "2539"]
[PlyCount "61"]
[EventDate "2018.??.??"]

1. e4 d6 2. d4 Nf6 3. Nc3 g6 4. Nf3 Bg7 5. Bc4 O-O 6. O-O Nxe4 7. Nxe4 d5 8.
Bd3 dxe4 9. Bxe4 Nd7 10. Re1 c5 11. c3 cxd4 12. Nxd4 Nc5 13. Bc2 e5 14. Nb3 Ne6
15. Be3 Qc7 16. Qe2 Bd7 17. Rad1 b6 18. Qd2 Bc6 19. Bh6 Rad8 20. Qe3 Bxh6 21.
Qxh6 Rxd1 22. Rxd1 Nf4 23. f3 Rd8 24. Qg5 Rxd1+ 25. Bxd1 Qd6 26. Bc2 Bxf3 27.
Kf2 Bxg2 28. Qg3 Bc6 29. Qh4 a5 30. Qg4 a4 31. h4
0-1

[Event "Eliteserien 2018 19"]
[Site "Oslo og Tromsø"]
[Date "2018.11.02"]
[Round "5"]
[White "Galchenko, Matvey"]
[Black "Lie, Espen"]
[Result "1/2-1/2"]
[WhiteElo "2361"]
[BlackElo "2492"]
[PlyCount "29"]
[EventDate "2018.??.??"]

1. c4 c5 2. Nc3 Nc6 3. g3 g6 4. Bg2 Bg7 5. Nf3 e6 6. d4 cxd4 7. Nb5 d6 8. Nbxd4
Nxd4 9. Nxd4 a6 10. O-O Ne7 11. b3 O-O 12. Bb2 Qb6 13. Qd2 Bd7 14. Rfd1 Rfd8
15. Rac1
1/2-1/2

[Event "Eliteserien 2018 19"]
[Site "Oslo og Tromsø"]
[Date "2018.11.02"]
[Round "5"]
[White "Vestby-Ellingsen, Mads"]
[Black "Tari, Aryan"]
[Result "0-1"]
[WhiteElo "2358"]
[BlackElo "2625"]
[PlyCount "126"]
[EventDate "2018.??.??"]

1. Nf3 d5 2. g3 g6 3. Bg2 Bg7 4. d4 Nf6 5. O-O O-O 6. Nbd2 a5 7. c4 c6 8. b3
Ne4 9. Bb2 Bf5 10. Nh4 Nxd2 11. Qxd2 Be6 12. Rac1 a4 13. Nf3 axb3 14. axb3 Qb6
15. Qc3 Na6 16. Ng5 Bg4 17. h3 Bd7 18. cxd5 cxd5 19. Bxd5 h6 20. Nf3 Bxh3 21.
Rfe1 Nb4 22. Be4 Na2 23. Qc5 Qe6 24. Bxb7 Nxc1 25. Bxc1 Rab8 26. Bd5 Qd7 27.
Bc6 Qd6 28. Ba3 Rfc8 29. Qxd6 exd6 30. Bxd6 Rxb3 31. Bd5 Rb5 32. Bc5 Bxd4 33.
Bxf7+ Kxf7 34. Bxd4 Re8 35. Be3 g5 36. Ra1 Bc8 37. Nd4 Rb2 38. Bc1 Rb4 39. Be3
Bb7 40. Nf5 Kg6 41. Nd4 g4 42. Rc1 Bd5 43. Ra1 Re5 44. Ra6+ Kf7 45. Ra1 Bb7 46.
Nc2 Rb2 47. Ne1 Rxe2 48. Kf1 Bf3 49. Ra7+ Kg8 50. Nxf3 gxf3 51. Ra8+ Kg7 52.
Ra7+ Kg6 53. Ra6+ Kf5 54. Rxh6 Rb2 55. Rh5+ Ke6 56. Rh6+ Kf7 57. Ke1 Re2+ 58.
Kf1 Rb5 59. Rc6 Rh5 60. Rh6 Ra2 61. Ke1 Rd5 62. Rh7+ Kg8 63. Rc7 Re2+ 
0-1

[Event "Eliteserien 2018 19"]
[Site "Oslo og Tromsø"]
[Date "2018.11.02"]
[Round "5"]
[White "Grandelius, Nils"]
[Black "Notkevich, Benjamin Arvola"]
[Result "1-0"]
[WhiteElo "2682"]
[BlackElo "2495"]
[PlyCount "79"]
[EventDate "2018.??.??"]

1. d4 Nf6 2. c4 e6 3. Nf3 d5 4. Nc3 Bb4 5. Bd2 O-O 6. e3 Nbd7 7. Rc1 c6 8. Bd3
b6 9. O-O Bb7 10. Qe2 Qe7 11. a3 Bd6 12. Rfd1 Rfd8 13. e4 dxe4 14. Nxe4 Nxe4
15. Bxe4 Nf6 16. Bg5 h6 17. Bxf6 Qxf6 18. c5 bxc5 19. dxc5 Bf8 20. b4 Rxd1+ 21.
Rxd1 Rd8 22. Rxd8 Qxd8 23. Qd2 Qxd2 24. Nxd2 f5 25. Bf3 e5 26. Nc4 e4 27. Bh5
Be7 28. Na5 Ba8 29. Bg6 Bg5 30. Bxf5 Bc1 31. Nc4 Bb7 32. Nd6 Ba8 33. Nc4 Bb7
34. a4 Ba6 35. Na5 e3 36. fxe3 Bxe3+ 37. Kh1 Be2 38. Nxc6 a6 39. Ne7+ Kf7 40.
Nd5 
1-0

[Event "Eliteserien 2018 19"]
[Site "Oslo og Tromsø"]
[Date "2018.11.02"]
[Round "5"]
[White "Bosiocic, Marin"]
[Black "Lund, Gunnar"]
[Result "1-0"]
[WhiteElo "2615"]
[BlackElo "2228"]
[PlyCount "117"]
[EventDate "2018.??.??"]

1. e4 e5 2. Nf3 Nc6 3. Bb5 a6 4. Ba4 Nf6 5. O-O Be7 6. Re1 b5 7. Bb3 O-O 8. a4
Bb7 9. d3 d6 10. Nc3 b4 11. Nd5 Nxd5 12. Bxd5 Qc8 13. Bd2 a5 14. c3 Bf6 15.
Bxc6 Bxc6 16. cxb4 axb4 17. Bxb4 Qb7 18. Bc3 d5 19. Qc2 d4 20. Bd2 Bd7 21. h3
Rfc8 22. b4 Qa7 23. a5 c5 24. bxc5 Rxc5 25. Qa2 Be6 26. Qa4 Bd7 27. Qa3 Be7 28.
Reb1 Qc7 29. Rc1 Be6 30. Rxc5 Bxc5 31. Qa4 f6 32. Rc1 Qe7 33. Qc6 Rc8 34. Qa6
Kf7 35. Ne1 Qd6 36. Qb7+ Rc7 37. Qb1 Rc8 38. Rc2 Rb8 39. Rb2 Rxb2 40. Qxb2 Qa6
41. Qb8 Qc8 42. Qb5 Bd7 43. Qb3+ Be6 44. Qd1 Be7 45. Qa4 Bd7 46. Qa2+ Be6 47.
Qa1 Qa6 48. f4 Bc8 49. fxe5 fxe5 50. Nf3 Bf6 51. Qc1 Qe6 52. Qc7+ Kg6 53. Be1
Ba6 54. Bg3 Bxd3 55. Nxe5+ Bxe5 56. Bxe5 Bxe4 57. Qxg7+ Kh5 58. Kh2 Bxg2 59.
Qg4+ 
1-0

[Event "Eliteserien 2018 19"]
[Site "Oslo og TromsÃ¸"]
[Date "2018.11.02"]
[Round "6"]
[White "Lie, Espen"]
[Black "Grandelius, Nils"]
[Result "1/2-1/2"]
[WhiteElo "2492"]
[BlackElo "2682"]
[PlyCount "50"]
[EventDate "2018.??.??"]

1. Nf3 d5 2. b3 Bg4 3. Bb2 Bxf3 4. exf3 Nf6 5. g3 g6 6. Bg2 Bg7 7. O-O O-O 8.
f4 c5 9. d3 Nc6 10. Nd2 e6 11. c4 Ne8 12. Bxg7 Nxg7 13. cxd5 exd5 14. Qf3 Qa5
15. Qd1 Rad8 16. Bh3 Nd4 17. Nf3 Nxf3+ 18. Qxf3 Rfe8 19. d4 c4 20. Rfc1 b5 21.
a4 Qb4 22. Rab1 cxb3 23. Qxb3 Qxd4 24. Qxb5 Nh5 25. Rd1 Qc3 1/2-1/2

[Event "Eliteserien 2018 19"]
[Site "Oslo og TromsÃ¸"]
[Date "2018.11.02"]
[Round "6"]
[White "Tari, Aryan"]
[Black "Hobber, Anders"]
[Result "1/2-1/2"]
[WhiteElo "2625"]
[BlackElo "2310"]
[PlyCount "69"]
[EventDate "2018.??.??"]

1. e4 e6 2. d4 d5 3. Nc3 Nf6 4. e5 Nfd7 5. f4 c5 6. Nf3 Nc6 7. Be3 Be7 8. Qd2
b6 9. Nd1 O-O 10. c3 Bb7 11. Bd3 f5 12. O-O a5 13. Rc1 a4 14. Bf2 cxd4 15. cxd4
Nb4 16. Bb5 Nxa2 17. Ra1 Nb4 18. Ng5 Bxg5 19. fxg5 Nc6 20. Nc3 Na5 21. Rxa4 Rc8
22. Bd3 Nc4 23. Qc1 b5 24. Rb4 Bc6 25. Be1 Qb6 26. Bxc4 dxc4 27. Qf4 Qb7 28. b3
cxb3 29. Qf2 Qa6 30. Rxb3 Nb6 31. Qe2 Nc4 32. Bf2 f4 33. Qd3 Qb7 34. Rfb1 Bxg2
35. Rxb5 1/2-1/2

[Event "Eliteserien 2018 19"]
[Site "Oslo og TromsÃ¸"]
[Date "2018.11.02"]
[Round "6"]
[White "Hole, Ã~ystein"]
[Black "Bosiocic, Marin"]
[Result "0-1"]
[WhiteElo "2299"]
[BlackElo "2615"]
[PlyCount "98"]
[EventDate "2018.??.??"]

1. Nf3 d5 2. d4 Nf6 3. c4 e6 4. Nc3 a6 5. cxd5 exd5 6. Bg5 Be6 7. e3 Nbd7 8.
Bd3 Bd6 9. Qc2 c6 10. O-O Qc7 11. Bh4 h6 12. Rfe1 O-O 13. Bg3 Bxg3 14. hxg3 Qd6
15. Rac1 Rfc8 16. Na4 b6 17. Ne5 c5 18. Nxd7 Nxd7 19. dxc5 bxc5 20. Red1 Rab8
21. Be2 a5 22. Rd2 Nb6 23. Bf3 Qe5 24. Nxb6 Rxb6 25. Qc3 d4 26. Qxa5 dxe3 27.
Re1 exf2+ 28. Kxf2 Qb8 29. b3 Rb5 30. Qa6 Rb6 31. Qa5 c4 32. bxc4 Rxc4 33. Qe5
Qa7 34. Rd8+ Kh7 35. Be4+ f5 36. Bxf5+ Bxf5 37. Qxf5+ Rg6+ 38. Kf1 Qa6 39. Qd3
Qf6+ 40. Kg1 Qb6+ 41. Kh2 Rc5 42. Rd5 Rxd5 43. Qxd5 Qf2 44. Qe5 Qxa2 45. Qf5
Qa3 46. g4 Qd6+ 47. Kh1 Qc6 48. Qe4 Qf6 49. Qf5 Qh4+ 0-1

[Event "Eliteserien 2018 19"]
[Site "Oslo og TromsÃ¸"]
[Date "2018.11.02"]
[Round "6"]
[White "Lie, Kjetil A."]
[Black "Skrondal, Inge Sandstad"]
[Result "1/2-1/2"]
[WhiteElo "2539"]
[BlackElo "2281"]
[PlyCount "161"]
[EventDate "2018.??.??"]

1. d4 d5 2. Bf4 Nf6 3. e3 e6 4. Nf3 Bd6 5. Bd3 O-O 6. Nbd2 b6 7. Ne5 Ba6 8.
Bxa6 Nxa6 9. Bg5 Nb8 10. c4 h6 11. Bh4 c5 12. O-O cxd4 13. exd4 Be7 14. Qf3 Qd6
15. Bxf6 Bxf6 16. cxd5 exd5 17. Ndc4 dxc4 18. Qxa8 Qxd4 19. Nf3 Qd7 20. Rad1
Qc7 21. Qe4 Bxb2 22. Rb1 Bf6 23. Rfc1 Rc8 24. a4 Nd7 25. h3 Nf8 26. Nd4 Qd7 27.
Nb5 a6 28. Na3 Qxa4 29. Rxc4 Rxc4 30. Nxc4 b5 31. Nd6 Qxe4 32. Nxe4 Bd4 33. Nd2
Ne6 34. Nb3 Bc3 35. Rc1 Nd4 36. Nxd4 Bxd4 37. Rc8+ Kh7 38. Ra8 b4 39. Rxa6 b3
40. Ra5 b2 41. Rb5 g6 42. Kf1 h5 43. Ke2 Kg7 44. g4 hxg4 45. hxg4 Kf8 46. Rb7
Ke8 47. Kd3 Bf6 48. f4 Bg7 49. Ke4 Bc3 50. Kd5 Kf8 51. Rb8+ Ke7 52. Rb7+ Kf8
53. Kd6 Bf6 54. Kd7 Bc3 55. Rb8+ Kg7 56. Ke8 Bd4 57. Rb7 Kg8 58. Ke7 Kg7 59. f5
g5 60. Ke8 Kg8 61. Rb3 Kg7 62. Kd7 Be5 63. Kc6 Bd4 64. Kd5 Bf6 65. Ke4 Kg8 66.
Kd3 Kg7 67. Kc2 Be5 68. Rb7 Bd4 69. Rd7 Be5 70. Rd5 Bf6 71. Rb5 Bd4 72. Rb4 Be5
73. Rc4 Bf6 74. Re4 Kg8 75. Kb1 Kg7 76. Re2 Bd4 77. Kc2 Bf6 78. Re8 Bd4 79. Re4
Bf6 80. Rb4 Be5 81. Rb5 1/2-1/2

[Event "Eliteserien 2018 19"]
[Site "Oslo og TromsÃ¸"]
[Date "2018.11.02"]
[Round "6"]
[White "Lahlum, Hans Olav"]
[Black "Holm, Kristian Stuvik"]
[Result "0-1"]
[WhiteElo "2122"]
[BlackElo "2468"]
[PlyCount "122"]
[EventDate "2018.??.??"]

1. d4 Nf6 2. c4 c5 3. d5 b5 4. Qc2 bxc4 5. e4 d6 6. Bxc4 g6 7. Nc3 Bg7 8. h3
O-O 9. Nf3 Ba6 10. Bxa6 Nxa6 11. Bf4 Nd7 12. O-O Qb6 13. Qd2 Rab8 14. Rab1 Nc7
15. Bh6 Qb4 16. Rfe1 f6 17. h4 Nb5 18. Nxb5 Qxd2 19. Bxd2 Rxb5 20. b3 Rfb8 21.
Bc3 Bh6 22. Rbd1 Kf7 23. Kf1 a5 24. Bd2 Bg7 25. Bc3 Nb6 26. Nd2 a4 27. f4 Bh6
28. g3 axb3 29. axb3 f5 30. Ba1 fxe4 31. Nxe4 Rxb3 32. Kg2 Ra8 33. Rf1 Ra2+ 34.
Kh1 Ke8 35. Rfe1 Kd7 36. Bc3 Raa3 37. Bf6 Bf8 38. Ba1 Bh6 39. Bf6 Re3 40. Bb2
Rxe1+ 41. Rxe1 Rb3 42. Ba1 Nxd5 43. Rd1 Kc6 44. Kh2 Re3 45. Nf2 Re2 46. Kg1 Bf8
47. Rb1 Ra2 48. Ne4 h6 49. Bh8 Nb6 50. Nc3 Ra8 51. Ne2 e6 52. Bf6 Nd5 53. Ba1
Be7 54. Re1 Ra3 55. Bb2 Ra2 56. Bc1 Bf6 57. f5 gxf5 58. Bxh6 c4 59. Bc1 Nb4 60.
Nf4 Bd4+ 61. Kh1 e5 0-1

[Event "Eliteserien 2018 19"]
[Site "Oslo og TromsÃ¸"]
[Date "2018.11.02"]
[Round "6"]
[White "Ã~stmoe, Geir Sune Tallaksen"]
[Black "Galchenko, Matvey"]
[Result "1/2-1/2"]
[WhiteElo "2434"]
[BlackElo "2361"]
[PlyCount "79"]
[EventDate "2018.??.??"]

1. d4 Nf6 2. Nf3 e6 3. Bg5 h6 4. Bxf6 Qxf6 5. e4 d6 6. Nc3 a6 7. Qd2 Qd8 8.
O-O-O Be7 9. h4 b5 10. Rh3 Nd7 11. Rg3 g6 12. e5 d5 13. Bd3 Nf8 14. Ne2 c5 15.
dxc5 Bxc5 16. Nfd4 h5 17. b4 Bb6 18. Bxb5+ Bd7 19. Bxd7+ Nxd7 20. Rxg6 Bxd4 21.
Nxd4 fxg6 22. Nxe6 Qb6 23. Qxd5 Ra7 24. Ng5 Rf8 25. e6 Nf6 26. Qd3 Ke7 27. Qxg6
Qxf2 28. Qg7+ Ke8 29. Qg6+ Ke7 30. a3 Qe3+ 31. Kb1 Qxa3 32. Qg7+ Ke8 33. Qg6+
Ke7 34. Qg7+ Ke8 35. Rd8+ Kxd8 36. Qxf8+ Kc7 37. Qe7+ Kc8 38. Qf8+ Kc7 39. Qc5+
Kb8 40. Qf8+ 1/2-1/2

[Event "Eliteserien 2018 19"]
[Site "Oslo og TromsÃ¸"]
[Date "2018.11.02"]
[Round "6"]
[White "Gausel, Einar J"]
[Black "Bern, Ivar"]
[Result "1-0"]
[WhiteElo "2447"]
[BlackElo "2302"]
[PlyCount "75"]
[EventDate "2018.??.??"]

1. d4 f5 2. c4 Nf6 3. Nc3 e6 4. Nf3 Bb4 5. Bd2 O-O 6. g3 Qe7 7. Bg2 Ne4 8. Rc1
c6 9. O-O Nxd2 10. Qxd2 d5 11. c5 Nd7 12. Nxd5 exd5 13. Qxb4 Qxe2 14. Rfe1 a5
15. Qb3 Qa6 16. Re7 f4 17. gxf4 a4 18. Qe3 Nf6 19. Ne5 Qa5 20. Qg3 Nh5 21. Qg5
Qd8 22. Nxc6 bxc6 23. Rce1 Bd7 24. Qxh5 Rf5 25. Qf3 Rf7 26. Rxf7 Kxf7 27. Bh3
Kg8 28. Be6+ Bxe6 29. Rxe6 Qd7 30. Rd6 Qc7 31. Qe3 Rf8 32. Qe6+ Kh8 33. f5 Qb7
34. Rxc6 Qxb2 35. Rc8 Qc1+ 36. Kg2 Qg5+ 37. Kf3 Qh5+ 38. Ke3 1-0

[Event "Eliteserien 2018 19"]
[Site "Oslo og TromsÃ¸"]
[Date "2018.11.02"]
[Round "6"]
[White "Hauge, Lars Oskar"]
[Black "Haldorsen, Benjamin"]
[Result "1-0"]
[WhiteElo "2466"]
[BlackElo "2454"]
[PlyCount "65"]
[EventDate "2018.??.??"]

1. e4 g6 2. d4 Bg7 3. Nc3 d5 4. exd5 Nf6 5. Bc4 Nbd7 6. Bb3 Nb6 7. Nf3 O-O 8.
O-O a5 9. a3 a4 10. Ba2 Nbxd5 11. Nxd5 Nxd5 12. Re1 c6 13. Bg5 Bf6 14. Qd2 Qa5
15. c3 Bf5 16. h3 Rad8 17. Re2 b5 18. Rae1 Qc7 19. Bxd5 Rxd5 20. Rxe7 Bxe7 21.
Rxe7 Qd6 22. Qe3 Be6 23. Nd2 Rxg5 24. Qxg5 f6 25. Qc5 Qxc5 26. dxc5 Rd8 27. Ne4
Rd1+ 28. Kh2 Bf7 29. Nxf6+ Kg7 30. Nxh7 Rd2 31. Ng5 Kf6 32. Ne4+ Kxe7 33. Nxd2
1-0

[Event "Eliteserien 2018 19"]
[Site "Oslo og TromsÃ¸"]
[Date "2018.11.02"]
[Round "6"]
[White "Notkevich, Benjamin Arvola"]
[Black "Blomqvist, Erik"]
[Result "1/2-1/2"]
[WhiteElo "2495"]
[BlackElo "2491"]
[PlyCount "64"]
[EventDate "2018.??.??"]

1. d4 Nf6 2. c4 e6 3. g3 Bb4+ 4. Bd2 Bxd2+ 5. Qxd2 d5 6. Nf3 Nbd7 7. Bg2 c6 8.
Qc2 O-O 9. O-O b6 10. Rc1 Bb7 11. cxd5 cxd5 12. a4 Qb8 13. a5 Rc8 14. Nc3 bxa5
15. Nd2 Bc6 16. Nb3 Qb4 17. Nxa5 Qxd4 18. e4 Ne5 19. Nxc6 Nxc6 20. Nb5 Qb4 21.
Nxa7 Nxa7 22. Rxa7 Qf8 23. Rxa8 Rxa8 24. exd5 Nxd5 25. Bxd5 exd5 26. Qc5 Rb8
27. Qd4 h6 28. Rc7 Qe8 29. Qxd5 Rxb2 30. Kg2 Re2 31. Qf3 Re7 32. Rxe7 Qxe7
1/2-1/2

[Event "Eliteserien 2018 19"]
[Site "Oslo og TromsÃ¸"]
[Date "2018.11.02"]
[Round "6"]
[White "Salomon, Johan"]
[Black "Vestby-Ellingsen, Mads"]
[Result "1-0"]
[WhiteElo "2494"]
[BlackElo "2358"]
[PlyCount "197"]
[EventDate "2018.??.??"]

1. Nf3 c5 2. e4 e6 3. g3 Nc6 4. Bg2 Nf6 5. Qe2 e5 6. O-O Be7 7. d3 h6 8. Na3 d6
9. c3 O-O 10. Nc4 Re8 11. Ne3 Bf8 12. Nd2 b5 13. a4 b4 14. f4 Ba6 15. f5 Rb8
16. g4 bxc3 17. bxc3 Na5 18. c4 Nc6 19. Nc2 Nh7 20. Nf3 Be7 21. Be3 Ng5 22.
Nce1 Rb3 23. Qc2 Rb4 24. Bd2 Rb8 25. a5 Bf6 26. Rf2 Qe7 27. Bf1 Rb7 28. Qc1
Reb8 29. h4 Nxf3+ 30. Nxf3 Bxh4 31. Rh2 Bg3 32. Rg2 Bf4 33. Bxf4 exf4 34. g5
hxg5 35. Nxg5 Qf6 36. Raa2 Qd4+ 37. Rgf2 Qe3 38. Qxe3 fxe3 39. Rfe2 Nd4 40.
Rxe3 f6 41. Nf3 Rb2 42. Rxb2 Rxb2 43. Nxd4 cxd4 44. Re1 Rb3 45. Be2 Kf7 46. Kf2
Bc8 47. Rh1 Kg8 48. Rc1 Ba6 49. Ke1 Kf8 50. Kd2 Rb2+ 51. Rc2 Rb1 52. Ra2 Rb4
53. Kc2 Ke7 54. Bd1 Kd7 55. Kc1 Rb7 56. Ba4+ Kc8 57. Rh2 Re7 58. Rh8+ Kc7 59.
Ra8 Bb7 60. Rg8 Bc6 61. Bb5 Kb7 62. a6+ Kb6 63. Bxc6 Kxc6 64. Rb8 Kc7 65. Rb7+
Kd8 66. Rb5 Rc7 67. Kc2 Rc6 68. Rb8+ Rc8 69. Rb1 Rc6 70. Rb8+ Rc8 71. Rb1 Rc6
72. Rg1 Rxa6 73. Rxg7 Ra2+ 74. Kd1 Ra3 75. Kd2 Ra2+ 76. Kc1 Ra3 77. Kc2 Ra2+
78. Kb3 Rd2 79. c5 Rxd3+ 80. Kc4 Rc3+ 81. Kxd4 Rxc5 82. Rf7 Ra5 83. Rxf6 Ke7
84. Re6+ Kd7 85. Rh6 Ra4+ 86. Ke3 Ke7 87. Rh7+ Ke8 88. Rb7 Kd8 89. f6 Ke8 90.
Re7+ Kf8 91. Rd7 Ra6 92. Kf4 Ke8 93. Re7+ Kf8 94. Kf5 Ra5+ 95. Kg6 Ra1 96. Rd7
Rg1+ 97. Kf5 Rd1 98. Ke6 Kg8 99. Rd8+ 1-0